[Event "Titled Tuesday 2023.01.24 Late"]
[Site "chess.com INT"]
[Date "2023.01.24"]
[Round "4"]
[White "Atanasov, Anthony"]
[Black "Estrada Nieto, J."]
[Result "1-0"]
[WhiteElo "2361"]
[BlackElo "2248"]
[PlyCount "47"]
[EventDate "2023.01.24"]
[EventType "swiss (blitz)"]
[EventRounds "11"]
[EventCountry "NET"]
[Source "Mark Crowther"]
[SourceDate "2023.01.30"]

1. d4 d5 2. Bf4 Nf6 3. e3 c5 4. Nf3 Nc6 5. Nbd2 cxd4 6. exd4 Qb6 7. Nb3 Bf5 8.
c3 e6 9. a4 a6 10. a5 Qd8 11. Bd3 Bxd3 12. Qxd3 Be7 13. O-O Ne4 14. Nfd2 Nxd2
15. Nxd2 Nxa5 16. Qg3 Nc6 17. Qxg7 Bf6 18. Qh6 Rg8 19. Rfe1 Bg7 20. Qxh7 Rh8
21. Qxg7 Qh4 22. Nf3 Qh5 23. Rxe6+ fxe6 24. Qxb7 1-0

[Event "Titled Tuesday 2023.01.24 Late"]
[Site "chess.com INT"]
[Date "2023.01.24"]
[Round "5"]
[White "Atanasov, Anthony"]
[Black "Mendes Aaron Reeve"]
[Result "0-1"]
[WhiteElo "2361"]
[BlackElo "1989"]
[PlyCount "122"]
[EventDate "2023.01.24"]
[EventType "swiss (blitz)"]
[EventRounds "11"]
[EventCountry "NET"]
[Source "Mark Crowther"]
[SourceDate "2023.01.30"]

1. d4 Nf6 2. Nf3 g6 3. c4 Bg7 4. Nc3 d5 5. cxd5 Nxd5 6. e4 Nxc3 7. bxc3 c5 8.
h3 O-O 9. Be3 Nc6 10. Qd2 Qa5 11. Rc1 cxd4 12. cxd4 Qxd2+ 13. Kxd2 Rd8 14. d5
e6 15. Bc4 exd5 16. Bxd5 Be6 17. Rc5 Ne7 18. Rd1 Nxd5 19. exd5 Rxd5+ 20. Rxd5
Bxd5 21. Rb1 b6 22. a4 Be4 23. Rb4 Rd8+ 24. Kc1 Bxf3 25. gxf3 Bf8 26. Rc4 Bc5
27. Bxc5 Rc8 28. Kb2 bxc5 29. Kc3 Kf8 30. Re4 f5 31. Re5 h5 32. f4 a5 33. Kc4
Rb8 34. Rxc5 Rb4+ 35. Kd5 Rxa4 36. Ke6 Kg7 37. Rc6 Rxf4 38. Ra6 a4 39. Ra7+ Kh6
40. Kf6 Rb4 41. Ra6 h4 42. Kf7 Kh5 43. Ra5 Kg5 44. Ra6 Kh5 45. Kg7 Rb3 46. f4
Rxh3 47. Rxa4 Rg3 48. Ra8 Kg4 49. Kf6 h3 50. Rh8 Kxf4 51. Rh4+ Kf3 52. Ra4 f4
53. Ra3+ Kg4 54. Ra6 g5 55. Re6 h2 56. Kg7 h1=Q 57. Rf6 Rd3 58. Rg6 Rd7+ 59.
Kf6 Qc6+ 60. Ke5 Qd5+ 61. Kf6 Rf7# 0-1

[Event "Sunway Sitges op"]
[Site "Sitges ESP"]
[Date "2022.12.13"]
[Round "2.44"]
[White "Goh, Wei Ming Kevin"]
[Black "Atanasov, Anthony"]
[Result "1-0"]
[WhiteElo "2452"]
[BlackElo "2251"]
[PlyCount "39"]
[EventDate "2022.12.12"]
[EventType "swiss"]
[EventRounds "10"]
[EventCountry "ESP"]
[Source "ChessMix"]
[SourceDate "2023.01.01"]

1. e4 e5 2. Nf3 Nf6 3. d4 Nxe4 4. dxe5 Bc5 5. Bc4 Nxf2 6. Bxf7+ Kxf7 7. Qd5+
Kg6 8. Qxc5 Nxh1 9. Nc3 h6 10. Qc4 Kh7 11. Nd5 Rf8 12. Qe4+ Kh8 13. Bxh6 gxh6
14. Qg6 Qe8 15. Qxh6+ Kg8 16. O-O-O Nf2 17. Ng5 Rf7 18. Qg6+ Kf8 19. Nf6 Rxf6
20. Nh7+ 1-0

[Event "Sunway Sitges op"]
[Site "Sitges ESP"]
[Date "2022.12.14"]
[Round "3.94"]
[White "Atanasov, Anthony"]
[Black "Bonoo, Iwan"]
[Result "1-0"]
[WhiteElo "2251"]
[BlackElo "1925"]
[PlyCount "75"]
[EventDate "2022.12.12"]
[EventType "swiss"]
[EventRounds "10"]
[EventCountry "ESP"]
[Source "ChessMix"]
[SourceDate "2023.01.01"]

1. e4 c5 2. Nf3 Nc6 3. d4 cxd4 4. Nxd4 Nf6 5. Nc3 e5 6. Ndb5 d6 7. Nd5 Nxd5 8.
exd5 Ne7 9. a4 Ng6 10. Be3 a6 11. Na3 f5 12. g3 Be7 13. Nc4 O-O 14. h4 e4 15.
Bb6 Qd7 16. Bd4 Bd8 17. h5 Ne5 18. Nxe5 dxe5 19. Bxe5 Bb6 20. Bc4 Re8 21. d6+
Kh8 22. Qd5 Qe6 23. Bc3 Qh6 24. Qf7 Be6 25. Bxe6 Rxe6 26. Qxb7 Bxf2+ 27. Kxf2
Rf8 28. Rad1 f4 29. Qxg7+ Qxg7 30. Bxg7+ Kxg7 31. gxf4 Rxf4+ 32. Ke2 Rf8 33. d7
Rd8 34. Rd5 Re7 35. Rhd1 Kf6 36. Rd6+ Kf5 37. R1d5+ Kf4 38. c4 1-0

[Event "Sunway Sitges op"]
[Site "Sitges ESP"]
[Date "2022.12.15"]
[Round "4.43"]
[White "Ajay, Karthikeyan"]
[Black "Atanasov, Anthony"]
[Result "1-0"]
[WhiteElo "2430"]
[BlackElo "2251"]
[PlyCount "79"]
[EventDate "2022.12.12"]
[EventType "swiss"]
[EventRounds "10"]
[EventCountry "ESP"]
[Source "ChessMix"]
[SourceDate "2023.01.01"]

1. e4 e5 2. Nf3 Nf6 3. d4 Nxe4 4. Bd3 d5 5. Nxe5 Nd7 6. Nc3 Nxe5 7. dxe5 Bb4 8.
O-O Nxc3 9. bxc3 Bxc3 10. Rb1 O-O 11. Bxh7+ Kxh7 12. Qd3+ Kg8 13. Qxc3 a5 14.
f4 d4 15. Qd3 Re8 16. Bb2 c5 17. Rbe1 Qb6 18. Ba1 g6 19. h3 Qc6 20. c3 Bf5 21.
Qd2 d3 22. c4 Rad8 23. g4 Be4 24. Kh2 f5 25. exf6 Kf7 26. Be5 Rh8 27. Kg3 b6
28. Rf2 Rd4 29. Bxd4 cxd4 30. h4 Qxf6 31. h5 Qc6 32. hxg6+ Qxg6 33. Rh2 Rg8 34.
g5 Qe6 35. Rh4 Qf5 36. Rh6 Rg7 37. Qh2 Rg8 38. Qh5+ Kf8 39. Rh8 Rxh8 40. Qxh8+
1-0

[Event "Sunway Sitges op"]
[Site "Sitges ESP"]
[Date "2022.12.16"]
[Round "5.90"]
[White "Atanasov, Anthony"]
[Black "Jimenez Fernandez, Rebeca"]
[Result "1-0"]
[WhiteElo "2251"]
[BlackElo "2040"]
[PlyCount "59"]
[EventDate "2022.12.12"]
[EventType "swiss"]
[EventRounds "10"]
[EventCountry "ESP"]
[Source "ChessMix"]
[SourceDate "2023.01.01"]

1. e4 c5 2. Nf3 d6 3. d4 cxd4 4. Nxd4 Nf6 5. Nc3 g6 6. f3 Bg7 7. Be3 O-O 8. Qd2
Nc6 9. O-O-O d5 10. exd5 Nxd5 11. Nxc6 bxc6 12. Bd4 e5 13. Bc5 Re8 14. Ne4 Qc7
15. h4 f5 16. Nd6 Rd8 17. Nxc8 Raxc8 18. Bc4 h6 19. g4 g5 20. Qd3 Qf7 21. Qe4
Kh8 22. Rh2 Bf8 23. Bxf8 Ne3 24. Rxd8 Rxd8 25. Qxe5+ Kh7 26. Qxe3 Qxf8 27.
Qxa7+ Kh8 28. Rd2 Rxd2 29. Kxd2 Qb4+ 30. Ke3 1-0

[Event "Sunway Sitges op"]
[Site "Sitges ESP"]
[Date "2022.12.17"]
[Round "6.52"]
[White "Bilych, Olexiy"]
[Black "Atanasov, Anthony"]
[Result "1-0"]
[WhiteElo "2401"]
[BlackElo "2251"]
[PlyCount "81"]
[EventDate "2022.12.12"]
[EventType "swiss"]
[EventRounds "10"]
[EventCountry "ESP"]
[Source "ChessMix"]
[SourceDate "2023.01.01"]

1. d4 Nf6 2. c4 g6 3. h4 c5 4. d5 d6 5. Nc3 e6 6. e4 Bg7 7. Be2 exd5 8. exd5
Nbd7 9. Nf3 Ng4 10. h5 O-O 11. Bg5 Qb6 12. Qb3 Re8 13. Kf1 a6 14. h6 Bh8 15.
Nd2 Ngf6 16. Qxb6 Nxb6 17. Bf4 Rd8 18. Nde4 Ne8 19. g4 f5 20. Bg5 Rd7 21. gxf5
gxf5 22. Ng3 Rf7 23. Bd8 Nc7 24. Re1 Bf6 25. Bxf6 Rxf6 26. Bd3 Kf7 27. Rh5 Ne8
28. Nxf5 Bxf5 29. Bxf5 Kg8 30. b3 Rf8 31. Re7 Nf6 32. Rg5+ Kh8 33. Ne4 Rae8 34.
Rxb7 Nbd7 35. Nxd6 Rd8 36. Rg7 Ne5 37. Ne4 Ned7 38. Ng5 Ne5 39. Rxh7+ Nxh7 40.
Rxh7+ Kg8 41. Be6+ 1-0

[Event "Sunway Sitges op"]
[Site "Sitges ESP"]
[Date "2022.12.19"]
[Round "7.88"]
[White "Atanasov, Anthony"]
[Black "Follana Albelda, Lucia"]
[Result "1-0"]
[WhiteElo "2251"]
[BlackElo "1938"]
[PlyCount "85"]
[EventDate "2022.12.12"]
[EventType "swiss"]
[EventRounds "10"]
[EventCountry "ESP"]
[Source "ChessMix"]
[SourceDate "2023.01.01"]

1. d4 Nf6 2. c4 e6 3. Nf3 d5 4. cxd5 exd5 5. Bf4 Be7 6. Qc2 c6 7. Nc3 Be6 8. h3
Qc8 9. e3 Bf5 10. Qb3 Ne4 11. Be2 O-O 12. Rc1 Nxc3 13. bxc3 b5 14. O-O Nd7 15.
Nd2 Nb6 16. f3 Nc4 17. Nxc4 bxc4 18. Qa4 Re8 19. e4 dxe4 20. fxe4 Bxe4 21. Bxc4
Bf6 22. Be5 Qd8 23. Rce1 Bd5 24. Bxf6 gxf6 25. Rxe8+ Qxe8 26. Bxd5 Qe3+ 27. Kh2
cxd5 28. Qc6 Rf8 29. Qxf6 Qe6 30. Qxe6 fxe6 31. Rxf8+ Kxf8 32. Kg3 Kf7 33. Kf4
Kf6 34. g4 h6 35. h4 a6 36. a3 a5 37. a4 Kf7 38. Ke5 Ke7 39. g5 hxg5 40. hxg5
Kf7 41. Kd6 Kg6 42. Kxe6 Kxg5 43. Kxd5 1-0

[Event "US Masters"]
[Site "Charlotte USA"]
[Date "2022.11.23"]
[Round "1.8"]
[White "Atanasov, Anthony"]
[Black "Burke, John M"]
[Result "1/2-1/2"]
[WhiteElo "2215"]
[BlackElo "2580"]
[PlyCount "108"]
[EventDate "2022.11.23"]
[EventType "swiss"]
[EventRounds "9"]
[EventCountry "USA"]
[Source "ChessMix"]
[SourceDate "2022.12.01"]

1. d4 Nf6 2. Nf3 g6 3. Qd3 Bg7 4. e4 d6 5. Be2 O-O 6. O-O c5 7. c3 cxd4 8. cxd4
Nc6 9. d5 Nb4 10. Qc4 a5 11. Nc3 Bd7 12. a3 Na6 13. e5 dxe5 14. Nxe5 Bf5 15.
Be3 Rc8 16. Qb3 Ne4 17. Nxe4 Bxe4 18. Bxa6 Bxe5 19. Bxb7 Rc2 20. Qa4 Bf5 21.
Bh6 Qc7 22. Bxf8 Kxf8 23. Bc6 Bxh2+ 24. Kh1 Be5 25. Rac1 Rxb2 26. f4 Bf6 27. d6
Qxd6 28. Qxa5 Bd4 29. Rfd1 f6 30. Qd5 Qxd5 31. Bxd5 Be3 32. Rc4 h5 33. Be4 Bg4
34. Rb1 Ra2 35. Bxg6 Rxa3 36. f5 Ra5 37. Re1 Bc5 38. Kh2 Bd6+ 39. Kg1 Ra2 40.
Rec1 Kg7 41. R4c2 Ra5 42. Rf1 Kh6 43. Kf2 Kg5 44. Ke3 Rd5 45. Ke4 e6 46. Bh7
Re5+ 47. Kd4 exf5 48. Rc8 Kh4 49. Rg8 Bc5+ 50. Kc3 Re3+ 51. Kd2 Re2+ 52. Kd3
Re3+ 53. Kd2 Re2+ 54. Kd3 Re3+ 1/2-1/2

[Event "US Masters"]
[Site "Charlotte USA"]
[Date "2022.11.27"]
[Round "8.20"]
[White "Atanasov, Anthony"]
[Black "Raja, Harshit"]
[Result "0-1"]
[WhiteElo "2215"]
[BlackElo "2461"]
[PlyCount "97"]
[EventDate "2022.11.23"]
[EventType "swiss"]
[EventRounds "9"]
[EventCountry "USA"]
[Source "ChessMix"]
[SourceDate "2022.12.01"]

1. d4 Nf6 2. Nf3 e6 3. Bf4 d5 4. e3 c5 5. a3 Nc6 6. h3 cxd4 7. exd4 Nh5 8. Bh2
Bd6 9. Bxd6 Qxd6 10. g3 O-O 11. Bg2 e5 12. dxe5 Nxe5 13. O-O Nf6 14. Nxe5 Qxe5
15. Nc3 Be6 16. Re1 Qc7 17. Qd4 Rfd8 18. Rad1 h5 19. Re5 Rac8 20. f4 Qd7 21.
Rg5 Kf8 22. f5 Bxf5 23. Qb4+ Kg8 24. Qd4 Bg6 25. Nxd5 Kh8 26. c4 Qa4 27. Rc1 b5
28. Qe5 Re8 29. Qd4 Rxc4 30. Rxc4 Qxc4 31. Qxc4 bxc4 32. Nxf6 gxf6 33. Rc5 Bd3
34. Rxh5+ Kg7 35. Rh4 Re1+ 36. Kh2 Re2 37. Rg4+ Kh6 38. Rh4+ Kg7 39. Rg4+ Kf8
40. Kg1 Rxb2 41. Rd4 c3 42. Rd8+ Kg7 43. Rxd3 c2 44. Rc3 Rb1+ 45. Kf2 c1=Q 46.
Rxc1 Rxc1 47. a4 Rc4 48. a5 Ra4 49. Ke3 0-1

[Event "US Masters"]
[Site "Charlotte USA"]
[Date "2022.11.27"]
[Round "9.22"]
[White "Narayanan, Samrug"]
[Black "Atanasov, Anthony"]
[Result "0-1"]
[WhiteElo "2340"]
[BlackElo "2215"]
[PlyCount "48"]
[EventDate "2022.11.23"]
[EventType "swiss"]
[EventRounds "9"]
[EventCountry "USA"]
[Source "ChessMix"]
[SourceDate "2022.12.01"]

1. e4 e5 2. Nf3 Nf6 3. Nxe5 d6 4. Nf3 Nxe4 5. Nc3 Nxc3 6. dxc3 Be7 7. Be3 Nd7
8. Qd2 Nf6 9. O-O-O O-O 10. Bd3 d5 11. Rhe1 Bg4 12. Qe2 c6 13. h3 Bh5 14. g4
Bg6 15. Nd4 Re8 16. g5 Ne4 17. f4 c5 18. f5 Nxc3 19. bxc3 cxd4 20. cxd4 Qa5 21.
c3 Bxg5 22. Kb2 Rxe3 23. Qg4 Rxe1 24. Rxe1 Bd2 0-1

[Event "chess.com SpeedChess Q2Sw"]
[Site "chess.com INT"]
[Date "2022.11.12"]
[Round "1"]
[White "Deac, Bogdan-Daniel"]
[Black "Atanasov, Anthony"]
[Result "1-0"]
[WhiteElo "2700"]
[BlackElo "2215"]
[PlyCount "125"]
[EventDate "2022.11.12"]
[EventType "swiss (blitz)"]
[EventRounds "14"]
[EventCountry "NET"]
[Source "Mark Crowther"]
[SourceDate "2022.11.14"]

1. Nf3 Nf6 2. b3 d5 3. Bb2 Bf5 4. c4 e6 5. cxd5 exd5 6. g3 c6 7. Bg2 Nbd7 8.
O-O Be7 9. Nh4 Bg6 10. d3 Nc5 11. Nd2 a5 12. a3 O-O 13. Nxg6 hxg6 14. Qc2 Ne6
15. Rfd1 Qb6 16. e3 Rad8 17. Rab1 Rfe8 18. Nf3 Ng4 19. Bh3 Nf6 20. Bxe6 fxe6
21. b4 axb4 22. axb4 Ra8 23. Ng5 Bxb4 24. Bc3 c5 25. Qb3 Nd7 26. Bxb4 Qxb4 27.
Qc2 Qg4 28. h4 b6 29. d4 c4 30. Qxg6 Qf5 31. Qxf5 exf5 32. Rb5 Ra5 33. Rdb1 c3
34. R5b3 Rc8 35. Rc1 c2 36. Rb2 Ra1 37. Rxa1 c1=Q+ 38. Rxc1 Rxc1+ 39. Kg2 Rc6
40. Rb5 Rd6 41. Nh3 Nf6 42. Nf4 Kf7 43. Nd3 Nd7 44. Ne5+ Nxe5 45. dxe5 Rc6 46.
Rxd5 Ke6 47. Rb5 g6 48. f4 Ke7 49. Kf3 Ke6 50. g4 fxg4+ 51. Kxg4 Kf7 52. Kf3
Ke7 53. e4 Rc3+ 54. Kg4 Rc6 55. Kg5 Kf7 56. f5 Kg7 57. e6 Rd6 58. f6+ Kh7 59.
Re5 Rd2 60. e7 Rg2+ 61. Kf4 Rf2+ 62. Kg3 Rf1 63. e8=Q 1-0

[Event "chess.com SpeedChess Q2Sw"]
[Site "chess.com INT"]
[Date "2022.11.12"]
[Round "2"]
[White "Atanasov, Anthony"]
[Black "Gurevich, D."]
[Result "1/2-1/2"]
[WhiteElo "2215"]
[BlackElo "2396"]
[PlyCount "148"]
[EventDate "2022.11.12"]
[EventType "swiss (blitz)"]
[EventRounds "14"]
[EventCountry "NET"]
[Source "Mark Crowther"]
[SourceDate "2022.11.14"]

1. d4 Nf6 2. Nf3 e6 3. Bf4 b6 4. e3 Bb7 5. Nbd2 Be7 6. Bd3 O-O 7. Qe2 c5 8. c3
cxd4 9. exd4 d6 10. h3 a6 11. a4 Re8 12. Nc4 b5 13. axb5 axb5 14. Rxa8 Bxa8 15.
Na3 b4 16. cxb4 Bxf3 17. Qxf3 Nc6 18. Nc2 Qb6 19. Qe3 Nxb4 20. Nxb4 Qxb4+ 21.
Qd2 Rb8 22. O-O Qxd2 23. Bxd2 Rxb2 24. Be3 Nd5 25. Rc1 Nxe3 26. fxe3 g6 27. Rc2
Rb3 28. Rd2 Bg5 29. Kf2 h5 30. g3 h4 31. g4 d5 32. Ke2 Kg7 33. Rc2 Kf6 34. Kd2
Ra3 35. Rb2 Ra1 36. Bb1 Kg7 37. Rb3 e5 38. dxe5 d4 39. Rb7 Bxe3+ 40. Ke2 Kh6
41. Kf3 Kg5 42. Ke4 Bf2 43. Rxf7 Rxb1 44. Rxf2 Rd1 45. e6 Re1+ 46. Kd5 d3 47.
Kd6 Re2 48. Rf1 d2 49. Rd1 Kf4 50. e7 Kg3 51. Kd7 Kxh3 52. g5 Kg4 53. e8=Q Rxe8
54. Kxe8 Kxg5 55. Kf7 h3 56. Rxd2 Kf5 57. Rh2 Kg4 58. Kxg6 Kg3 59. Rb2 h2 60.
Rb3+ Kg2 61. Rb2+ Kg3 62. Rb1 Kg2 63. Kg5 h1=R 64. Rb2+ Kg3 65. Rb3+ Kg2 66.
Kg4 Rd1 67. Rb2+ Kg1 68. Kf3 Rd3+ 69. Ke2 Ra3 70. Rb8 Ra2+ 71. Kf3 Ra3+ 72. Ke2
Ra2+ 73. Ke1 Ra1+ 74. Ke2 Ra2+ 1/2-1/2

[Event "chess.com SpeedChess Q2Sw"]
[Site "chess.com INT"]
[Date "2022.11.12"]
[Round "3"]
[White "Bouget, A."]
[Black "Atanasov, Anthony"]
[Result "0-1"]
[WhiteElo "2268"]
[BlackElo "2215"]
[PlyCount "60"]
[EventDate "2022.11.12"]
[EventType "swiss (blitz)"]
[EventRounds "14"]
[EventCountry "NET"]
[Source "Mark Crowther"]
[SourceDate "2022.11.14"]

1. d4 e5 2. c4 exd4 3. Nf3 Bb4+ 4. Bd2 Bxd2+ 5. Nbxd2 c5 6. g3 Nf6 7. Bg2 d5 8.
O-O O-O 9. Rc1 dxc4 10. Nxc4 Nc6 11. Nce5 Nxe5 12. Nxe5 Qe7 13. Nd3 Nd7 14. Qc2
Re8 15. Rfe1 Rb8 16. Nxc5 Nxc5 17. Qxc5 Qxc5 18. Rxc5 d3 19. Bf3 Bh3 20. Rd5
dxe2 21. Rxe2 Rxe2 22. Bxe2 Re8 23. f4 f6 24. Kf2 Be6 25. Rb5 b6 26. a4 Ba2 27.
a5 Rxe2+ 28. Kxe2 Bc4+ 29. Ke3 Bxb5 30. axb6 axb6 0-1

[Event "chess.com SpeedChess Q2Sw"]
[Site "chess.com INT"]
[Date "2022.11.12"]
[Round "4"]
[White "Atanasov, Anthony"]
[Black "Donchenko, Alexa"]
[Result "0-1"]
[WhiteElo "2215"]
[BlackElo "2645"]
[PlyCount "96"]
[EventDate "2022.11.12"]
[EventType "swiss (blitz)"]
[EventRounds "14"]
[EventCountry "NET"]
[Source "Mark Crowther"]
[SourceDate "2022.11.14"]

1. d4 Nf6 2. Nf3 g6 3. c4 Bg7 4. Nc3 O-O 5. e4 d6 6. h3 e5 7. d5 Na6 8. Be3 Nc5
9. Nd2 a5 10. g4 c6 11. Be2 Bd7 12. h4 cxd5 13. cxd5 a4 14. h5 Ne8 15. hxg6
fxg6 16. Nc4 Rc8 17. Qd2 b5 18. Bg5 Bf6 19. Bxf6 Qxf6 20. Qh6 Qxf2+ 21. Kd1 Rf7
22. Ne3 Qf4 23. Qxf4 exf4 24. Nc2 f3 25. Bxb5 Bxb5 26. Nxb5 Nxe4 27. Rf1 f2 28.
Nbd4 Ng3 29. Kd2 Nf6 30. g5 Nfe4+ 31. Ke3 Nxf1+ 32. Rxf1 Re8 33. Ne6 Nxg5 34.
Ncd4 Nxe6 35. dxe6 Rf6 36. b4 axb3 37. axb3 Kf8 38. b4 Ke7 39. b5 Kd8 40. Ke4
Kc7 41. Kd5 g5 42. b6+ Kxb6 43. Kxd6 g4 44. Rb1+ Ka5 45. Kc5 Rc8+ 46. Nc6+
Rxc6+ 47. Kxc6 f1=Q 48. Rxf1 Rxf1 0-1

[Event "chess.com SpeedChess Q2Sw"]
[Site "chess.com INT"]
[Date "2022.11.12"]
[Round "5"]
[White "Manukyan, SaA"]
[Black "Atanasov, Anthony"]
[Result "0-1"]
[WhiteElo "2163"]
[BlackElo "2215"]
[PlyCount "124"]
[EventDate "2022.11.12"]
[EventType "swiss (blitz)"]
[EventRounds "14"]
[EventCountry "NET"]
[Source "Mark Crowther"]
[SourceDate "2022.11.14"]

1. d4 e5 2. dxe5 Nc6 3. Nf3 Qe7 4. e3 Nxe5 5. Nxe5 Qxe5 6. Be2 Bd6 7. Nd2 Nf6
8. Nf3 Qh5 9. h3 b6 10. Nd4 Qe5 11. Nb5 Bb7 12. Nxd6+ cxd6 13. Bf3 Bxf3 14.
Qxf3 d5 15. O-O Rc8 16. c3 h5 17. Qf4 Qxf4 18. exf4 d6 19. Be3 Kd7 20. Bd4 Rhe8
21. Bxf6 gxf6 22. Rfe1 f5 23. f3 d4 24. Rxe8 Rxe8 25. Kf2 dxc3 26. bxc3 Rc8 27.
Rc1 Rc4 28. Ke3 h4 29. Rc2 d5 30. Rc1 d4+ 31. Kd2 dxc3+ 32. Kd3 b5 33. Kc2 b4
34. Re1 Rxf4 35. Re5 Kc6 36. Re7 Rd4 37. Rxa7 Rd2+ 38. Kb1 Rxg2 39. Rxf7 Rb2+
40. Ka1 Rf2 41. Kb1 Rxf3 42. Rh7 Rxh3 43. Rh5 f4 44. Rf5 Rf3 45. Kc2 h3 46. a3
bxa3 47. Kb3 h2 48. Rh5 Rf2 49. Kxa3 c2 50. Kb2 f3 51. Rh6+ Kd5 52. Rh5+ Kd4
53. Rh8 Ke3 54. Re8+ Kd2 55. Rd8+ Ke2 56. Re8+ Kf1 57. Rh8 Kg1 58. Rg8+ Rg2 59.
Re8 h1=Q 60. Re1+ Kh2 61. Rc1 Qd1 62. Ra1 c1=Q# 0-1

[Event "chess.com SpeedChess Q2Sw"]
[Site "chess.com INT"]
[Date "2022.11.12"]
[Round "6"]
[White "Atanasov, Anthony"]
[Black "Boros, De"]
[Result "0-1"]
[WhiteElo "2215"]
[BlackElo "2402"]
[PlyCount "76"]
[EventDate "2022.11.12"]
[EventType "swiss (blitz)"]
[EventRounds "14"]
[EventCountry "NET"]
[Source "Mark Crowther"]
[SourceDate "2022.11.14"]

1. e4 g6 2. Nc3 Bg7 3. h4 h5 4. d4 Nc6 5. Be3 d6 6. Bb5 a6 7. Ba4 b5 8. Bb3 Na5
9. Nh3 Bg4 10. f3 Bxh3 11. Rxh3 e6 12. d5 Qd7 13. dxe6 fxe6 14. Rg3 Ne7 15. Bd4
Bxd4 16. Qxd4 e5 17. Qe3 Nc4 18. Bxc4 bxc4 19. Nd5 Nxd5 20. exd5 Qf7 21. Qe4
Qf4 22. Qxg6+ Kd8 23. Qg7 Re8 24. Qg5+ Kc8 25. Kf2 Qd4+ 26. Ke2 e4 27. f4 e3
28. Rd1 Qxb2 29. Qf5+ Kb7 30. Rxe3 Rxe3+ 31. Kxe3 Rg8 32. Qe4 Rg3+ 33. Kf2 Rc3
34. Rd2 Qc1 35. Qe1 Qa3 36. Qe2 Qc5+ 37. Kf1 Ra3 38. Qe3 Qxe3 0-1

[Event "Titled Tuesday 2022.11.01 Late"]
[Site "chess.com INT"]
[Date "2022.11.01"]
[Round "1"]
[White "Silva Lucena, Cristian"]
[Black "Atanasov, Anthony"]
[Result "1-0"]
[WhiteElo "2292"]
[BlackElo "2215"]
[PlyCount "153"]
[EventDate "2022.11.01"]
[EventType "swiss (blitz)"]
[EventRounds "11"]
[EventCountry "NET"]
[Source "Mark Crowther"]
[SourceDate "2022.11.07"]

1. e4 e5 2. Nf3 Nf6 3. Nc3 Nc6 4. g3 Bc5 5. Bg2 d6 6. O-O h6 7. d3 Be6 8. Na4
Bb6 9. Nxb6 axb6 10. a3 Qd7 11. Re1 O-O-O 12. d4 exd4 13. Nxd4 Nxd4 14. Qxd4
Qb5 15. a4 Qe5 16. Qd3 Ng4 17. h3 Nf6 18. Bf4 Qc5 19. Be3 Qc4 20. a5 b5 21. a6
Qxd3 22. axb7+ Kxb7 23. cxd3 Rhe8 24. Ra7+ Kb8 25. Rea1 c5 26. e5 Nd5 27. exd6
Rxd6 28. Bf4 Red8 29. Bxd6+ Rxd6 30. Ra8+ Kc7 31. R1a7+ Kc6 32. Ra6+ Kd7 33.
Rxd6+ Kxd6 34. Bxd5 Bxd5 35. Rg8 g6 36. Kf1 Ke5 37. Ke2 Kd4 38. Kd2 b4 39. g4
Be6 40. Rh8 Bd5 41. Rxh6 Bf3 42. Rh7 Bd5 43. h4 Be6 44. f3 b3 45. h5 gxh5 46.
gxh5 Ke5 47. h6 Kf6 48. Rg7 Bf5 49. Kc3 Bg6 50. Kxb3 Bxd3 51. Kc3 Bf5 52. Kc4
Be6+ 53. Kxc5 Bf5 54. b4 Bd3 55. b5 Be2 56. b6 Bxf3 57. Kd6 Be4 58. Kc7 Ke7 59.
h7 Bxh7 60. Rxh7 Kf6 61. Rxf7+ Kxf7 62. b7 Ke7 63. b8=Q Ke6 64. Qe8+ Kd5 65.
Qe3 Kc4 66. Qe5 Kb4 67. Qd5 Kc3 68. Qe4 Kb3 69. Qd4 Kc2 70. Qe3 Kb2 71. Qd3 Ka2
72. Qb5 Ka3 73. Kd6 Ka2 74. Kd5 Ka3 75. Ke4 Ka2 76. Ke3 Ka1 77. Kd2 1-0

[Event "Hollywood Masters"]
[Site "Los Angeles USA"]
[Date "2022.10.26"]
[Round "1.23"]
[White "Chasin, Nico Werner"]
[Black "Atanasov, Anthony"]
[Result "1-0"]
[WhiteElo "2429"]
[BlackElo "2148"]
[PlyCount "49"]
[EventDate "2022.10.26"]
[EventType "swiss"]
[EventRounds "9"]
[EventCountry "USA"]
[Source "ChessMix "]
[SourceDate "2022.11.01"]

1. Nf3 Nf6 2. c4 g6 3. Nc3 Bg7 4. h4 c5 5. d4 cxd4 6. Nxd4 d5 7. h5 e5 8. Nf3
Nxh5 9. cxd5 O-O 10. e4 Bg4 11. g3 f5 12. Bh3 Bxh3 13. Rxh3 Qc8 14. Ng5 Na6 15.
Ne6 fxe4 16. Rh4 Nc5 17. Nxf8 Nd3+ 18. Ke2 Qc4 19. Rxe4 Nxc1+ 20. Kd2 Qa6 21.
Ne6 Nd3 22. Qe2 Nf6 23. Qxd3 Nxe4+ 24. Nxe4 Bh6+ 25. Ke2 1-0

[Event "Hollywood Masters"]
[Site "Los Angeles USA"]
[Date "2022.10.30"]
[Round "9.23"]
[White "Fus, Jakub"]
[Black "Atanasov, Anthony"]
[Result "1/2-1/2"]
[WhiteElo "2417"]
[BlackElo "2148"]
[PlyCount "108"]
[EventDate "2022.10.26"]
[EventType "swiss"]
[EventRounds "9"]
[EventCountry "USA"]
[Source "ChessMix "]
[SourceDate "2022.11.01"]

1. Nf3 Nf6 2. c4 g6 3. Nc3 Bg7 4. e4 e5 5. Nxe5 O-O 6. Nf3 Re8 7. Bd3 Nxe4 8.
Bxe4 Bxc3 9. dxc3 Rxe4+ 10. Be3 d6 11. c5 d5 12. Nd2 Re8 13. O-O Nc6 14. Nb3
Bf5 15. Nd4 Nxd4 16. Bxd4 Qg5 17. Kh1 Be4 18. f3 Bf5 19. Re1 c6 20. Qc1 Qxc1
21. Raxc1 Bd7 22. Bf6 b6 23. Bd4 bxc5 24. Bxc5 a6 25. Bd4 Re6 26. Rxe6 Bxe6 27.
Re1 Kf8 28. g4 Ke7 29. Bc5+ Kd7 30. Kg2 Re8 31. a3 f6 32. Bd4 f5 33. g5 Bf7 34.
Be5 c5 35. f4 Kc6 36. Kf2 Re7 37. Ke3 a5 38. Kd2 a4 39. Re3 Kb5 40. Rh3 Bg8 41.
Kd3 d4 42. cxd4 Bc4+ 43. Kc3 cxd4+ 44. Kxd4 Rd7+ 45. Kc3 Bd5 46. Rd3 Bc6 47.
Rxd7 Bxd7 48. b4 axb3 49. Kxb3 Be6+ 50. Kc3 Ka4 51. Kd4 Bb3 52. h4 Bd1 53. Bd6
Be2 54. Ke5 Bh5 1/2-1/2

[Event "Wch-U20"]
[Site "Cala Gonone ITA"]
[Date "2022.10.16"]
[Round "6.35"]
[White "Atanasov, Anthony"]
[Black "Barseghyan, Armen Ar."]
[Result "0-1"]
[WhiteElo "2148"]
[BlackElo "2402"]
[PlyCount "64"]
[EventDate "2022.10.12"]
[EventType "swiss"]
[EventRounds "11"]
[EventCountry "ITA"]
[Source "ChessMix "]
[SourceDate "2022.11.01"]

1. e4 e5 2. Nf3 Nc6 3. Nc3 Nf6 4. d4 exd4 5. Nxd4 Bb4 6. Nxc6 bxc6 7. Bd3 d5 8.
exd5 cxd5 9. O-O O-O 10. h3 Re8 11. Qf3 c6 12. Bg5 Be7 13. Rfe1 h6 14. Bf4 Be6
15. Rad1 Nd7 16. Ne2 Bf6 17. c3 Qb6 18. Rd2 Ne5 19. Bxe5 Bxe5 20. Nd4 Bd7 21.
Red1 g6 22. Ne2 Rad8 23. c4 Be6 24. cxd5 Bxd5 25. Qg4 Be6 26. Qh4 Bxa2 27. Qxh6
Bg7 28. Qh4 Bb3 29. Bc2 Rxd2 30. Rxd2 Qa5 31. Qf4 Bxc2 32. Rxc2 Qe1+ 0-1

[Event "Wch-U20"]
[Site "Cala Gonone ITA"]
[Date "2022.10.18"]
[Round "7.44"]
[White "Flores Quillas, Diego Saul"]
[Black "Atanasov, Anthony"]
[Result "0-1"]
[WhiteElo "2291"]
[BlackElo "2148"]
[PlyCount "64"]
[EventDate "2022.10.12"]
[EventType "swiss"]
[EventRounds "11"]
[EventCountry "ITA"]
[Source "ChessMix "]
[SourceDate "2022.11.01"]

1. e4 e5 2. Nf3 Nf6 3. Nxe5 d6 4. Nf3 Nxe4 5. Nc3 Nxc3 6. dxc3 Nd7 7. Be3 Be7
8. Qd2 Nf6 9. O-O-O O-O 10. h4 h6 11. Bd3 Re8 12. Kb1 d5 13. h5 Ne4 14. Qc1 Bf6
15. Rdg1 c5 16. g4 d4 17. cxd4 cxd4 18. Bxh6 gxh6 19. Bxe4 Rxe4 20. g5 Be7 21.
gxh6+ Kh8 22. Rg7 Be6 23. Rhg1 Qd5 24. b3 Bf6 25. Ng5 Bxg5 26. R7xg5 f5 27. h7
Qc6 28. Rg6 Rc8 29. Qd2 f4 30. Rf6 Qc3 31. Qd1 d3 32. Qxd3 Re1+ 0-1